[Event "17. Open de Sants Hostafrancs 2015"]
[Site "Barcelona ESP"]
[Date "2015.08.27"]
[Round "7.59"]
[White "Pozanco Romasanta, Marc"]
[Black "Ruiz Mata, Oscar"]
[Result "1-0"]
[WhiteElo "2111"]
[BlackElo "2290"]
[PlyCount "101"]
[EventDate "2015.08.21"]
[EventType "swiss"]
[EventRounds "10"]
[EventCountry "ESP"]
[SourceTitle "Ajedrez en Madrid"]
[Source "lmi"]
[SourceDate "2015.08.21"]

1. d4 d5 2. c4 dxc4 3. e3 e5 4. Bxc4 Bb4+ 5. Nc3 exd4 6. exd4 Qe7+ 7. Be3 Nf6
8. Qd3 O-O 9. Nf3 Be6 10. O-O c6 11. Bg5 Nbd7 12. Rfe1 Bxc4 13. Qxc4 Qd6 14.
Ne5 Nb6 15. Qb3 a5 16. a3 Bxc3 17. bxc3 Ra6 18. c4 Rfa8 19. Qg3 Nbd7 20. Re3 h6
21. Bxh6 Nh5 22. Qf3 Nxe5 23. Qxh5 Ng6 24. Bg5 Qxd4 25. Rd1 Nf4 26. Bxf4 Qxf4
27. Rh3 Qh6 28. Qg4 Qe6 29. Qh4 f6 30. Qh7+ Kf8 31. Re3 Qg8 32. Qe4 Qf7 33. Rh3
Kg8 34. Qh7+ Kf8 35. Qe4 Kg8 36. Qh4 Kf8 37. Rhd3 Re8 38. Qh8+ Qg8 39. Qh4 Raa8
40. Qf4 Qe6 41. h3 Qe5 42. Qg4 Qe6 43. Qh5 Qf7 44. Qc5+ Qe7 45. Qb6 Qf7 46. Rd7
Qxc4 47. Qxb7 Rab8 48. Qc7 Rbc8 49. Qg3 g5 50. Qf3 Qe4 51. Qxf6+ 1-0

[Event "17. Open de Sants Hostafrancs 2015"]
[Site "Barcelona ESP"]
[Date "2015.08.27"]
[Round "7.60"]
[White "Grollemund, Bertrand"]
[Black "Aranaz Murillo, Amalia"]
[Result "0-1"]
[WhiteElo "2104"]
[BlackElo "2287"]
[PlyCount "58"]
[EventDate "2015.08.21"]
[EventType "swiss"]
[EventRounds "10"]
[EventCountry "ESP"]
[SourceTitle "Ajedrez en Madrid"]
[Source "lmi"]
[SourceDate "2015.08.21"]

1. g3 Nf6 2. Bg2 d5 3. c4 c6 4. Qa4 e6 5. Nf3 Nbd7 6. d3 Bd6 7. O-O O-O 8. Nbd2
Re8 9. Qc2 e5 10. Rb1 Qe7 11. Nh4 Nf8 12. e4 dxe4 13. Nxe4 Nxe4 14. dxe4 g6 15.
Be3 Ne6 16. Rfc1 b6 17. a3 Bd7 18. b4 c5 19. Qd2 Rad8 20. b5 Bc8 21. Qe1 Bb7
22. f3 Bc7 23. Rd1 Rxd1 24. Rxd1 Nd4 25. Qf2 a6 26. f4 exf4 27. Bxd4 fxg3 28.
hxg3 cxd4 29. Rxd4 Bd6 0-1

[Event "17. Open de Sants Hostafrancs 2015"]
[Site "Barcelona ESP"]
[Date "2015.08.27"]
[Round "7.61"]
[White "Sonis, Francesco"]
[Black "Nordenbaek, Jan"]
[Result "1/2-1/2"]
[WhiteElo "2285"]
[BlackElo "2134"]
[PlyCount "53"]
[EventDate "2015.08.21"]
[EventType "swiss"]
[EventRounds "10"]
[EventCountry "ESP"]
[SourceTitle "Ajedrez en Madrid"]
[Source "lmi"]
[SourceDate "2015.08.21"]

1. Nf3 c5 2. c4 Nc6 3. g3 g6 4. Bg2 Bg7 5. Nc3 d6 6. O-O Bf5 7. d3 Qd7 8. Nd5
Nf6 9. Nh4 Bg4 10. f3 Be6 11. f4 O-O 12. e3 Rab8 13. Bd2 Bg4 14. Qe1 Nxd5 15.
cxd5 Nb4 16. Bxb4 cxb4 17. Qxb4 Be2 18. Rf2 Bxd3 19. Rd1 Ba6 20. Nf3 Rbc8 21.
e4 Rc5 22. e5 Qc7 23. e6 f5 24. Bf1 Bxf1 25. Kxf1 Rc8 26. Kg2 Rc4 27. Qb3
1/2-1/2

[Event "17. Open de Sants Hostafrancs 2015"]
[Site "Barcelona ESP"]
[Date "2015.08.27"]
[Round "7.62"]
[White "Guerrero Sierra, Juan Carlos"]
[Black "Zoldan, Matteo"]
[Result "1-0"]
[WhiteElo "2275"]
[BlackElo "2156"]
[PlyCount "65"]
[EventDate "2015.08.21"]
[EventType "swiss"]
[EventRounds "10"]
[EventCountry "ESP"]
[SourceTitle "Ajedrez en Madrid"]
[Source "lmi"]
[SourceDate "2015.08.21"]

1. e4 c5 2. Nf3 d6 3. d4 cxd4 4. Nxd4 Nf6 5. Nc3 g6 6. Be3 a6 7. f3 b5 8. Qd2
Bb7 9. O-O-O Nbd7 10. g4 Ne5 11. g5 Nfd7 12. f4 Nc4 13. Bxc4 bxc4 14. h4 Nc5
15. Qg2 h5 16. gxh6 Rxh6 17. f5 gxf5 18. Nxf5 Rg6 19. Qf3 Qa5 20. h5 Re6 21.
Rd4 Nd7 22. h6 Ne5 23. Qh5 Qc7 24. h7 Ng6 25. h8=Q Nxh8 26. Qxh8 O-O-O 27. Qg8
Rf6 28. Rh8 Bxe4 29. Rxe4 Rxf5 30. Qg4 e6 31. Rxc4 Rc5 32. Bxc5 dxc5 33. b3 1-0

[Event "17. Open de Sants Hostafrancs 2015"]
[Site "Barcelona ESP"]
[Date "2015.08.27"]
[Round "7.63"]
[White "Llano Olabarrieta, Joseba"]
[Black "Garcia Trobat, Francisco"]
[Result "0-1"]
[WhiteElo "2058"]
[BlackElo "2273"]
[PlyCount "72"]
[EventDate "2015.08.21"]
[EventType "swiss"]
[EventRounds "10"]
[EventCountry "ESP"]
[SourceTitle "Ajedrez en Madrid"]
[Source "lmi"]
[SourceDate "2015.08.21"]

1. d4 Nf6 2. Bf4 e6 3. e3 b6 4. h3 Bb7 5. Nf3 Be7 6. Bd3 O-O 7. O-O d6 8. Nbd2
Nbd7 9. Bg3 Re8 10. c3 Nh5 11. Bh2 g6 12. a4 a6 13. Qb3 Bf8 14. Rad1 e5 15. e4
Nf4 16. Bc4 Qf6 17. Rfe1 c6 18. dxe5 dxe5 19. Bg3 h6 20. Nh2 b5 21. axb5 axb5
22. Ng4 Qe7 23. Bf1 Nc5 24. Qc2 Bc8 25. Ne3 Be6 26. Bxf4 exf4 27. Nd5 cxd5 28.
exd5 Bf5 29. Rxe7 Bxc2 30. Rxe8 Rxe8 31. Bxb5 Rb8 32. Rc1 Rxb5 33. Rxc2 Nd3 34.
c4 Rxb2 35. Rxb2 Nxb2 36. Kf1 Bb4 0-1

[Event "17. Open de Sants Hostafrancs 2015"]
[Site "Barcelona ESP"]
[Date "2015.08.27"]
[Round "7.65"]
[White "Minko, Vladimir"]
[Black "Prieto Aranguren, Alain"]
[Result "1-0"]
[WhiteElo "2268"]
[BlackElo "2123"]
[PlyCount "71"]
[EventDate "2015.08.21"]
[EventType "swiss"]
[EventRounds "10"]
[EventCountry "ESP"]
[SourceTitle "Ajedrez en Madrid"]
[Source "lmi"]
[SourceDate "2015.08.21"]

1. d4 Nf6 2. c4 g6 3. g3 Bg7 4. Bg2 O-O 5. Nf3 d6 6. Nc3 Nbd7 7. O-O e5 8. h3
c6 9. e4 Qb6 10. c5 dxc5 11. dxe5 Ne8 12. e6 fxe6 13. Ng5 Ne5 14. f4 Nf7 15.
Nxf7 Bd4+ 16. Kh2 Rxf7 17. e5 Nc7 18. Ne4 Nd5 19. h4 Bd7 20. h5 Rg7 21. Rb1 c4
22. g4 c5 23. g5 Bc6 24. Qg4 Be8 25. Nf6+ Nxf6 26. gxf6 Rd7 27. Be4 Kh8 28. Qg5
Bf7 29. Qh6 Rg8 30. Rf3 Qa5 31. Rh3 Be8 32. hxg6 Bg1+ 33. Kh1 Bxg6 34. Bxg6 Qc7
35. Kxg1 Rd1+ 36. Kf2 1-0

[Event "17. Open de Sants Hostafrancs 2015"]
[Site "Barcelona ESP"]
[Date "2015.08.27"]
[Round "7.66"]
[White "Martinez Lopez, Ivan"]
[Black "Ramirez Carrizo, Victor Jose"]
[Result "0-1"]
[WhiteElo "2267"]
[BlackElo "2122"]
[PlyCount "82"]
[EventDate "2015.08.21"]
[EventType "swiss"]
[EventRounds "10"]
[EventCountry "ESP"]
[SourceTitle "Ajedrez en Madrid"]
[Source "lmi"]
[SourceDate "2015.08.21"]

1. c4 e5 2. g3 Nf6 3. Bg2 c6 4. Nf3 Qc7 5. O-O d5 6. cxd5 cxd5 7. d4 e4 8. Ne1
Nc6 9. Nc3 Bb4 10. Bf4 Qb6 11. Nc2 Bxc3 12. bxc3 O-O 13. Qd2 Na5 14. Rab1 Nc4
15. Qc1 Qa5 16. Nb4 Bf5 17. Rb3 Be6 18. Qa1 Nh5 19. Bc1 f5 20. Bh3 Bd7 21. Rb1
Rac8 22. a4 Nb6 23. Bg5 Nf6 24. Rfc1 h6 25. Bxf6 Rxf6 26. Qa2 Qxa4 27. Qxa4
Bxa4 28. Ra1 a5 29. Nxd5 Nxd5 30. c4 Bb3 31. Rxa5 Rxc4 32. Rb1 Rc3 33. Rb5 Bc4
34. Rxb7 Bxe2 35. Rd7 Bc4 36. Bg2 Rb6 37. Ra1 Rcb3 38. Ra8+ Rb8 39. Rxb8+ Rxb8
40. h4 Nf6 41. Rd6 Ng4 0-1

[Event "17. Open de Sants Hostafrancs 2015"]
[Site "Barcelona ESP"]
[Date "2015.08.27"]
[Round "7.67"]
[White "Guix Torres, David"]
[Black "Serarols Mabras, Bernat"]
[Result "0-1"]
[WhiteElo "2036"]
[BlackElo "2260"]
[PlyCount "142"]
[EventDate "2015.08.21"]
[EventType "swiss"]
[EventRounds "10"]
[EventCountry "ESP"]
[SourceTitle "Ajedrez en Madrid"]
[Source "lmi"]
[SourceDate "2015.08.21"]

1. e4 c5 2. d4 cxd4 3. c3 Nf6 4. e5 Nd5 5. Nf3 e6 6. cxd4 d6 7. Bc4 Nc6 8. O-O
Be7 9. Qe2 O-O 10. Nc3 dxe5 11. dxe5 Nxc3 12. bxc3 Qa5 13. Qe4 Qa4 14. Bg5 h6
15. Bxe7 Nxe7 16. Rab1 Rb8 17. Rb4 Qc6 18. Bd3 Qxe4 19. Bxe4 b6 20. Rd1 Bb7 21.
Bxb7 Rxb7 22. Rbd4 Rc7 23. c4 Nc6 24. Rf4 Rfc8 25. Rc1 Na5 26. Nd2 b5 27. g3
Nxc4 28. Nxc4 bxc4 29. Rc3 Rc5 30. Re4 R8c7 31. Kg2 Ra5 32. a3 g6 33. h4 Kg7
34. Rexc4 Rxc4 35. Rxc4 Rxa3 36. Rc7 Ra1 37. Rb7 a5 38. Ra7 a4 39. Kf3 g5 40.
hxg5 hxg5 41. Kg4 Kg6 42. Ra8 Rf1 43. f3 Re1 44. Rxa4 Rxe5 45. f4 Re3 46. fxg5
Re5 47. Kf3 Rf5+ 48. Kg4 Rxg5+ 49. Kf3 Rb5 50. Rg4+ Kf6 51. Ra4 Rb3+ 52. Kg4
Rd3 53. Ra5 Rd5 54. Ra2 Rd3 55. Ra5 Rd2 56. Rb5 Rf2 57. Ra5 Ke7 58. Ra7+ Kd6
59. Ra6+ Kd5 60. Ra5+ Kd4 61. Ra4+ Ke3 62. Ra3+ Ke2 63. Ra2+ Kf1 64. Ra1+ Kg2
65. Ra3 e5 66. Re3 f5+ 67. Kg5 e4 68. Kh4 Rf3 69. Re2+ Kf1 70. Ra2 e3 71. g4 e2
0-1

[Event "17. Open de Sants Hostafrancs 2015"]
[Site "Barcelona ESP"]
[Date "2015.08.27"]
[Round "7.68"]
[White "Adel Lahchaichi, Oussama"]
[Black "Dubois, Pierre"]
[Result "1/2-1/2"]
[WhiteElo "2258"]
[BlackElo "2117"]
[PlyCount "147"]
[EventDate "2015.08.21"]
[EventType "swiss"]
[EventRounds "10"]
[EventCountry "ESP"]
[SourceTitle "Ajedrez en Madrid"]
[Source "lmi"]
[SourceDate "2015.08.21"]

1. c4 c5 2. g3 Nc6 3. Bg2 g6 4. Nc3 Bg7 5. a3 e6 6. b4 Nxb4 7. axb4 cxb4 8. d4
bxc3 9. e3 Ne7 10. Ne2 d5 11. Nxc3 dxc4 12. Qa4+ Bd7 13. Qxc4 Rc8 14. Qb3 Bc6
15. O-O Qd7 16. Ne4 Bd5 17. Qb4 O-O 18. Nc5 Qc6 19. e4 b6 20. Na6 Bc4 21. Rd1
Qb7 22. Nc5 Qc6 23. Qxc4 bxc5 24. d5 exd5 25. exd5 Qd7 26. Ra3 Nf5 27. Bh3 Bd4
28. Rf3 Rcd8 29. Bxf5 gxf5 30. Bh6 Rfe8 31. Rxd4 cxd4 32. Qxd4 f6 33. Qxf6 Qf7
34. Qg5+ Qg6 35. Rxf5 Qxg5 36. Rxg5+ Kf7 37. Rg7+ Kf6 38. Rxa7 Rxd5 39. Be3 h5
40. h3 Kf5 41. Kg2 Re6 42. Kf3 Rg6 43. h4 Rg8 44. Rh7 Kg6 45. Rh6+ Kg7 46. Rc6
Rgd8 47. g4 hxg4+ 48. Kxg4 R8d6 49. Rc7+ Rd7 50. Rc2 Rf7 51. Bg5 Rdf5 52. f4
Kh7 53. Re2 Rd5 54. Re6 Rb5 55. Re4 Rb3 56. f5 Rb5 57. f6 Kg6 58. h5+ Kh7 59.
Kf4 Ra5 60. Re7 Kg8 61. Re5 Rxe5 62. Kxe5 Rh7 63. Ke6 Rf7 64. Bf4 Rh7 65. Bd6
Rf7 66. Kf5 Kh7 67. Be7 Kh6 68. Kg4 Kh7 69. Kg5 Kg8 70. Kg6 Rg7+ 71. Kf5 Rh7
72. Ke6 Rf7 73. Kd7 Kh7 74. Ke6 1/2-1/2

[Event "17. Open de Sants Hostafrancs 2015"]
[Site "Barcelona ESP"]
[Date "2015.08.27"]
[Round "7.69"]
[White "Moreno Garcia, Elizabeth Paola"]
[Black "Boix Moreno, Daniel"]
[Result "1/2-1/2"]
[WhiteElo "2016"]
[BlackElo "2253"]
[PlyCount "98"]
[EventDate "2015.08.21"]
[EventType "swiss"]
[EventRounds "10"]
[EventCountry "ESP"]
[SourceTitle "Ajedrez en Madrid"]
[Source "lmi"]
[SourceDate "2015.08.21"]

1. e4 c5 2. c3 d6 3. d4 Nf6 4. Bd3 Nc6 5. Ne2 g6 6. d5 Nb8 7. a4 Bg7 8. Na3 O-O
9. Bg5 h6 10. Bxf6 Bxf6 11. Qd2 Kg7 12. O-O Nd7 13. f4 Kg8 14. Ng3 Bg7 15. Nc4
Nf6 16. Be2 h5 17. Bf3 h4 18. Nh1 h3 19. e5 Ne8 20. Qe2 e6 21. Rad1 exd5 22.
Bxd5 Qe7 23. Qf3 dxe5 24. Nxe5 Bxe5 25. fxe5 hxg2 26. Qxg2 Kg7 27. Rde1 Be6 28.
Bxe6 Qxe6 29. Qxb7 Rd8 30. Qxa7 Rd2 31. Qxc5 Rxh2 32. Qxf8+ Kxf8 33. Kxh2 Ke7
34. Ng3 Ng7 35. Rf6 Qb3 36. Re2 Ne6 37. Ref2 Ng5 38. e6 fxe6 39. Rxg6 Qd5 40.
Nf5+ exf5 41. Rxg5 Qe5+ 42. Rg3 Qe4 43. Rgf3 Qh4+ 44. Kg2 Qxa4 45. Rxf5 Qg4+
46. Kh2 Qh4+ 47. Kg1 Qg4+ 48. Kh1 Qh3+ 49. Kg1 Qg4+ 1/2-1/2

[Event "17. Open de Sants Hostafrancs 2015"]
[Site "Barcelona ESP"]
[Date "2015.08.27"]
[Round "7.70"]
[White "Gonzalez Valero, Julio"]
[Black "Finsterwalder, Sebastian"]
[Result "1-0"]
[WhiteElo "2246"]
[BlackElo "2050"]
[PlyCount "115"]
[EventDate "2015.08.21"]
[EventType "swiss"]
[EventRounds "10"]
[EventCountry "ESP"]
[SourceTitle "Ajedrez en Madrid"]
[Source "lmi"]
[SourceDate "2015.08.21"]

1. d4 d5 2. c4 c6 3. Nf3 Nf6 4. e3 Bg4 5. h3 Bh5 6. Nc3 e6 7. g4 Bg6 8. Ne5
Nbd7 9. h4 dxc4 10. h5 Nxe5 11. hxg6 Nxg6 12. Bxc4 Bb4 13. Qb3 Qe7 14. f3 e5
15. g5 Nd7 16. a3 Bxc3+ 17. bxc3 Nb6 18. e4 Nxc4 19. Qxc4 Qd6 20. Qb4 Qc7 21.
Kf2 O-O-O 22. Rb1 Rhf8 23. Be3 f5 24. gxf6 gxf6 25. Qa4 f5 26. Qxa7 Rd7 27.
Qa8+ Qb8 28. Qxb8+ Kxb8 29. Ke2 fxe4 30. fxe4 Re8 31. Kd3 Rde7 32. d5 Nf4+ 33.
Bxf4 exf4 34. dxc6 Rd8+ 35. Kc2 Rh8 36. Rh4 Rf8 37. Rxb7+ Rxb7 38. cxb7 f3 39.
Rh1 f2 40. Rf1 Kxb7 41. Kd2 Rf3 42. a4 Kc6 43. a5 Kb5 44. Ke2 Rxc3 45. Kxf2 Ra3
46. a6 Rxa6 47. Ke3 Rh6 48. Rc1 Rc6 49. Rd1 Kb6 50. Kf4 Kc7 51. e5 h5 52. Kf5
h4 53. e6 Rc2 54. Rd7+ Kc8 55. Rd4 Rf2+ 56. Kg6 h3 57. e7 Rg2+ 58. Kh7 1-0

[Event "17. Open de Sants Hostafrancs 2015"]
[Site "Barcelona ESP"]
[Date "2015.08.27"]
[Round "7.75"]
[White "Olivares Canelles, Francisco"]
[Black "De Seroux, Camille"]
[Result "1-0"]
[WhiteElo "2305"]
[BlackElo "2063"]
[PlyCount "59"]
[EventDate "2015.08.21"]
[EventType "swiss"]
[EventRounds "10"]
[EventCountry "ESP"]
[SourceTitle "Ajedrez en Madrid"]
[Source "lmi"]
[SourceDate "2015.08.21"]

1. d4 Nf6 2. c4 g6 3. Nc3 Bg7 4. e4 d6 5. f4 O-O 6. Nf3 c5 7. dxc5 Qa5 8. Bd3
Qxc5 9. Qe2 Bg4 10. Be3 Qa5 11. O-O Nc6 12. Rac1 Nd7 13. Qf2 Bxf3 14. gxf3 Nc5
15. Bb1 Na4 16. Nxa4 Qxa4 17. Kh1 Rac8 18. h4 Qa5 19. Rg1 Bf6 20. c5 Qb4 21. b3
Rfd8 22. h5 Bd4 23. Rc4 Bxe3 24. Qxe3 Qa5 25. f5 dxc5 26. Rc2 Ne5 27. Rh2 e6
28. Qh6 Nd7 29. hxg6 fxg6 30. Rxg6+ 1-0

[Event "17. Open de Sants Hostafrancs 2015"]
[Site "Barcelona ESP"]
[Date "2015.08.27"]
[Round "7.85"]
[White "Serra Canals, Oriol"]
[Black "Garcia Ramos, Daniel"]
[Result "1/2-1/2"]
[WhiteElo "2037"]
[BlackElo "2176"]
[PlyCount "39"]
[EventDate "2015.08.21"]
[EventType "swiss"]
[EventRounds "10"]
[EventCountry "ESP"]
[SourceTitle "Ajedrez en Madrid"]
[Source "lmi"]
[SourceDate "2015.08.21"]

1. d4 Nf6 2. c4 g6 3. Nc3 Bg7 4. Nf3 O-O 5. g3 d6 6. Bg2 Nbd7 7. O-O e5 8. e4
Re8 9. h3 c6 10. Be3 exd4 11. Nxd4 Nb6 12. Qb3 Nfd7 13. Na4 Nxa4 14. Qxa4 Nc5
15. Qc2 Qe7 16. Rfe1 Bd7 17. Nb3 Ne6 18. Rad1 c5 19. Qd2 Ba4 20. Bf4 1/2-1/2

[Event "17. Open de Sants Hostafrancs 2015"]
[Site "Barcelona ESP"]
[Date "2015.08.28"]
[Round "8.1"]
[White "Dvirnyy, Danyyil"]
[Black "Blomqvist, Erik"]
[Result "1/2-1/2"]
[WhiteElo "2545"]
[BlackElo "2508"]
[PlyCount "111"]
[EventDate "2015.08.21"]
[EventType "swiss"]
[EventRounds "10"]
[EventCountry "ESP"]
[SourceTitle "Ajedrez en Madrid"]
[Source "lmi"]
[SourceDate "2015.08.21"]
[WhiteClock "0:21:24"]
[BlackClock "0:32:08"]

1. e4 c5 2. Nf3 d6 3. d4 cxd4 4. Nxd4 Nf6 5. Nc3 g6 6. Be3 Bg7 7. Be2 Nc6 8.
Qd2 O-O 9. O-O-O Ng4 10. Bxg4 Bxg4 11. f3 Bd7 12. Kb1 Re8 13. Nxc6 bxc6 14. Bd4
Bxd4 15. Qxd4 Qb6 16. e5 c5 17. Qh4 Rab8 18. b3 Qb4 19. Qxb4 cxb4 20. Nd5 Kg7
21. Rhe1 a5 22. Ne3 Be6 23. exd6 exd6 24. Rxd6 Rec8 25. Red1 Rb5 26. R1d3 g5
27. Kb2 Re5 28. Kc1 h5 29. Kd2 h4 30. R6d4 Rec5 31. g3 hxg3 32. hxg3 Rh8 33. f4
Rh3 34. Kc1 Kg6 35. g4 gxf4 36. Rxf4 Re5 37. Kd2 Rh1 38. a3 bxa3 39. Ra4 Ra1
40. Nc4 Bxc4 41. bxc4 Rg1 42. Rdxa3 Rxg4 43. Rxa5 Rxa5 44. Rxa5 Rxc4 45. Kd3
Rc8 46. c4 f5 47. Kd4 Kg5 48. c5 Kg4 49. Kd5 f4 50. c6 f3 51. Ra1 f2 52. Rf1
Kf3 53. Kd6 Ke2 54. Rxf2+ Kxf2 55. Kd7 Rxc6 56. Kxc6 1/2-1/2

[Event "17. Open de Sants Hostafrancs 2015"]
[Site "Barcelona ESP"]
[Date "2015.08.28"]
[Round "8.2"]
[White "Vocaturo, Daniele"]
[Black "Burmakin, Vladimir"]
[Result "1/2-1/2"]
[WhiteElo "2578"]
[BlackElo "2558"]
[PlyCount "118"]
[EventDate "2015.08.21"]
[EventType "swiss"]
[EventRounds "10"]
[EventCountry "ESP"]
[SourceTitle "Ajedrez en Madrid"]
[Source "lmi"]
[SourceDate "2015.08.21"]
[WhiteClock "0:16:55"]
[BlackClock "0:14:25"]

1. d4 d5 2. c4 c6 3. Nf3 Nf6 4. Nc3 a6 5. e3 Bf5 6. Qb3 Ra7 7. Be2 e6 8. a4 Bd6
9. a5 dxc4 10. Bxc4 O-O 11. O-O Nbd7 12. Bd2 Bc7 13. Ne2 Be4 14. Ng3 Bd5 15.
Qc2 Bxc4 16. Qxc4 Ra8 17. Rfd1 Re8 18. Bc3 Nd5 19. Be1 f5 20. Qe2 Qf6 21. Qc2
Rf8 22. Ra3 Qg6 23. Rb3 Rab8 24. Bd2 f4 25. Qxg6 hxg6 26. Ne4 fxe3 27. fxe3 e5
28. Neg5 exd4 29. exd4 Rfe8 30. Nh4 Nf8 31. Re1 Rxe1+ 32. Bxe1 Re8 33. Nhf3 b5
34. axb6 Bxb6 35. Bf2 Nd7 36. Ne5 Nxe5 37. dxe5 Rxe5 38. Bxb6 Rxg5 39. Bf2 Rg4
40. Ra3 Rc4 41. h3 Rc1+ 42. Kh2 Rc2 43. Kg3 Rxb2 44. Rxa6 Rc2 45. Ra7 Rc3+ 46.
Kh2 Rc4 47. Rd7 g5 48. Bg3 Nf6 49. Rc7 Kh7 50. Be5 Kg6 51. g4 Rc5 52. Bd4 Rc4
53. Be5 c5 54. Kg2 Rc2+ 55. Kf3 c4 56. Bd4 Rc1 57. Be5 Rf1+ 58. Kg2 Rc1 59. Kf3
Rf1+ 1/2-1/2

[Event "17. Open de Sants Hostafrancs 2015"]
[Site "Barcelona ESP"]
[Date "2015.08.28"]
[Round "8.3"]
[White "Aloma Vidal, Robert"]
[Black "Peralta, Fernando"]
[Result "1/2-1/2"]
[WhiteElo "2454"]
[BlackElo "2564"]
[PlyCount "119"]
[EventDate "2015.08.21"]
[EventType "swiss"]
[EventRounds "10"]
[EventCountry "ESP"]
[SourceTitle "Ajedrez en Madrid"]
[Source "lmi"]
[SourceDate "2015.08.21"]
[WhiteClock "0:11:38"]
[BlackClock "0:05:17"]

1. e4 e6 2. d4 d5 3. Nc3 Nf6 4. Bg5 Bb4 5. e5 h6 6. Be3 Ne4 7. Qg4 Kf8 8. a3
Bxc3+ 9. bxc3 c5 10. Bd3 Nxc3 11. dxc5 Nc6 12. Nf3 Qa5 13. O-O b6 14. cxb6 axb6
15. Rfe1 Qa4 16. Qxa4 Nxa4 17. Bb5 Bd7 18. Bxa4 Rxa4 19. Bxb6 g5 20. Nd2 Ra6
21. Bc5+ Kg7 22. c4 dxc4 23. Nxc4 Na5 24. Nxa5 Rxa5 25. Be7 Kg6 26. Rad1 Bc6
27. Rd3 Re8 28. Bd6 Rea8 29. Rc1 Bd5 30. h3 Rb5 31. Bb4 Rbb8 32. Rdc3 Bb7 33.
Rc7 Rc8 34. f3 Rxc7 35. Rxc7 Bd5 36. Kf2 h5 37. Ke3 g4 38. Kf4 gxf3 39. gxf3
Rd8 40. Bd6 Ra8 41. Rc2 Bb7 42. Be7 Ra4+ 43. Ke3 Ra5 44. Rg2+ Kh7 45. Rg5 f6
46. exf6 Rxg5 47. f7 Re5+ 48. Kf2 Rf5 49. f8=Q Rxf8 50. Bxf8 Bc6 51. Bd6 Kg6
52. Be5 Kf7 53. Ke3 Ke8 54. h4 Kd7 55. f4 Kc8 56. Kd4 Kb7 57. Kc5 Bf3 58. a4
Ka6 59. Bc7 Bg4 60. a5 1/2-1/2

[Event "17. Open de Sants Hostafrancs 2015"]
[Site "Barcelona ESP"]
[Date "2015.08.28"]
[Round "8.4"]
[White "Piorun, Kacper"]
[Black "Boruchovsky, Avital"]
[Result "1-0"]
[WhiteElo "2592"]
[BlackElo "2540"]
[PlyCount "87"]
[EventDate "2015.08.21"]
[EventType "swiss"]
[EventRounds "10"]
[EventCountry "ESP"]
[SourceTitle "Ajedrez en Madrid"]
[Source "lmi"]
[SourceDate "2015.08.21"]
[WhiteClock "0:35:13"]
[BlackClock "0:34:09"]

1. e4 e5 2. Nf3 Nc6 3. d4 exd4 4. Bc4 Bc5 5. c3 Nf6 6. e5 d5 7. Be2 Ne4 8. cxd4
Bb6 9. Nc3 O-O 10. Be3 Be6 11. O-O a6 12. Bd3 Bf5 13. Rc1 h6 14. a3 Nxc3 15.
bxc3 Bxd3 16. Qxd3 Na5 17. g3 Qd7 18. Nh4 Nc4 19. Rce1 Nxa3 20. Bc1 Nc4 21. f4
Rae8 22. Kg2 f6 23. Ng6 Rf7 24. f5 fxe5 25. dxe5 Qc6 26. Kh3 Bc5 27. g4 Ba3 28.
e6 Rf6 29. Bxa3 Nxa3 30. Nf4 Rd8 31. Nh5 Nb5 32. Rf3 d4 33. Nxf6+ gxf6 34. e7
Re8 35. Re6 Qxc3 36. Qe4 Qc5 37. Rxf6 Rxe7 38. Rg6+ Kf7 39. Re6 Nc3 40. Rxe7+
Qxe7 41. Qxd4 Ne2 42. Qd5+ Kf8 43. Kg2 c6 44. Qd2 1-0

[Event "17. Open de Sants Hostafrancs 2015"]
[Site "Barcelona ESP"]
[Date "2015.08.28"]
[Round "8.5"]
[White "Galego, Luis"]
[Black "Dragun, Kamil"]
[Result "0-1"]
[WhiteElo "2454"]
[BlackElo "2572"]
[PlyCount "142"]
[EventDate "2015.08.21"]
[EventType "swiss"]
[EventRounds "10"]
[EventCountry "ESP"]
[SourceTitle "Ajedrez en Madrid"]
[Source "lmi"]
[SourceDate "2015.08.21"]
[WhiteClock "0:25:39"]
[BlackClock "0:06:43"]

1. e4 c5 2. Nf3 d6 3. Nc3 Nf6 4. g3 g6 5. Bg2 Nc6 6. O-O Bg7 7. d3 Bg4 8. h3
Bxf3 9. Qxf3 O-O 10. Qd1 Nd7 11. Bg5 Rb8 12. Qd2 Qa5 13. Bh6 Rfe8 14. Bxg7 Kxg7
15. f4 Nb6 16. Qf2 Qb4 17. Rab1 Qd4 18. Rbe1 Qxf2+ 19. Rxf2 e6 20. b3 a6 21. h4
Nd7 22. g4 h6 23. e5 d5 24. g5 hxg5 25. hxg5 Rh8 26. Ne2 Ne7 27. c4 d4 28. Be4
Nf5 29. Bxf5 exf5 30. Rh2 Rxh2 31. Kxh2 b5 32. Rc1 b4 33. Ra1 a5 34. a4 bxa3
35. Rxa3 Ra8 36. Kg2 Nb8 37. Ra1 Nc6 38. Re1 Kf8 39. Nc1 Ke7 40. Re2 Nb4 41.
Rd2 Rh8 42. Ne2 Kd7 43. Nc1 Rh4 44. Ne2 Rh7 45. Nc1 Rh8 46. Re2 Rh4 47. Rf2
Rg4+ 48. Kh2 Kc7 49. Rf3 Nc2 50. Rf2 Ne3 51. Ne2 Rh4+ 52. Kg1 Ng4 53. Rg2 Rh8
54. Nc1 Rh3 55. Re2 Rg3+ 56. Kf1 Ne3+ 57. Kf2 Rg2+ 58. Kf3 Rg1 59. Na2 Rd1 60.
Rh2 Kd7 61. Rh8 Ra1 62. Ra8 Rxa2 63. Ra7+ Ke8 64. Ra8+ Ke7 65. Ra7+ Kf8 66.
Ra8+ Kg7 67. Ra7 Ng4 68. e6 Rf2+ 69. Kg3 Re2 70. e7 Re6 71. Kf3 Ne3 0-1

[Event "17. Open de Sants Hostafrancs 2015"]
[Site "Barcelona ESP"]
[Date "2015.08.28"]
[Round "8.6"]
[White "Libiszewski, Fabien"]
[Black "Dourerassou, Jonathan"]
[Result "1-0"]
[WhiteElo "2533"]
[BlackElo "2436"]
[PlyCount "105"]
[EventDate "2015.08.21"]
[EventType "swiss"]
[EventRounds "10"]
[EventCountry "ESP"]
[SourceTitle "Ajedrez en Madrid"]
[Source "lmi"]
[SourceDate "2015.08.21"]
[WhiteClock "0:14:06"]
[BlackClock "0:12:07"]

1. e4 c5 2. Nf3 d6 3. Bb5+ Nd7 4. c3 a6 5. Ba4 Ngf6 6. Bc2 e5 7. d4 Be7 8. Nbd2
Qc7 9. a4 b6 10. d5 Nf8 11. Nc4 Ng6 12. a5 b5 13. Nb6 Rb8 14. Nxc8 Qxc8 15. g3
h6 16. h4 Bd8 17. Nd2 c4 18. Qf3 Nd7 19. b4 cxb3 20. Nxb3 O-O 21. O-O Rb7 22.
Ba3 Nc5 23. Bb4 Be7 24. Rfc1 Rc7 25. Nd2 Qd7 26. Nf1 Rfc8 27. Ne3 Qh3 28. Nf5
Bxh4 29. Nxd6 Bg5 30. Nxc8 Bxc1 31. Nd6 Qd7 32. Nxb5 Qxb5 33. Rxc1 Nf8 34. Rd1
Nfd7 35. Kg2 Qc4 36. Qe3 Rc8 37. Rd2 Nf6 38. f3 Nfd7 39. Bd1 Qb5 40. Qe2 Qb8
41. Rb2 Qc7 42. Qe3 Rb8 43. Rd2 h5 44. Qg5 g6 45. Qe7 Qc8 46. Qd6 Rb7 47. Be2
Rc7 48. Qe7 Qb7 49. d6 Rc8 50. Bc4 Rf8 51. Bxc5 Nxc5 52. d7 Nxe4 53. Bxf7+ 1-0

[Event "17. Open de Sants Hostafrancs 2015"]
[Site "Barcelona ESP"]
[Date "2015.08.28"]
[Round "8.7"]
[White "Bailet, Pierre"]
[Black "Cori T., Deysi"]
[Result "1/2-1/2"]
[WhiteElo "2502"]
[BlackElo "2426"]
[PlyCount "94"]
[EventDate "2015.08.21"]
[EventType "swiss"]
[EventRounds "10"]
[EventCountry "ESP"]
[SourceTitle "Ajedrez en Madrid"]
[Source "lmi"]
[SourceDate "2015.08.21"]
[WhiteClock "0:30:53"]
[BlackClock "0:47:11"]

1. d4 Nf6 2. c4 e6 3. g3 Bb4+ 4. Bd2 c5 5. Bxb4 cxb4 6. Bg2 d5 7. Nd2 O-O 8.
Ngf3 b6 9. cxd5 Nxd5 10. O-O Bb7 11. Ne5 Nc6 12. Ndc4 Rc8 13. Rc1 Nxe5 14. Nxe5
Rxc1 15. Qxc1 Qd6 16. Qd2 f6 17. Nc4 Qd7 18. e4 Nc7 19. Rd1 f5 20. d5 fxe4 21.
d6 Nd5 22. Bxe4 b5 23. Ne3 Nc3 24. bxc3 Bxe4 25. cxb4 Bf3 26. Rc1 Rd8 27. h3 a6
28. Kh2 Qxd6 29. Qxd6 Rxd6 30. g4 Rd2 31. Rc2 Rd4 32. Kg3 Bd5 33. Rc8+ Kf7 34.
Rc7+ Kg8 35. Ra7 Bxa2 36. Ra8+ Kf7 37. Rxa6 Bd5 38. Ra7+ Kg8 39. Rd7 Rxb4 40.
Nxd5 exd5 41. Rxd5 Kf7 42. f4 Rb3+ 43. Kh4 h6 44. f5 g5+ 45. fxg6+ Kxg6 46. Rd7
Kf6 47. Rb7 Ke5 1/2-1/2